000 01004nam0a22002651 4500
001 rc\2774937
005 20250806204657.0
035 _a(NLR Aleph) 006901239
090 _a29733
_c29733
100 _a20110915d1941 u y0rusy50 ca
101 0 _arus
102 _aRU
105 _ac z |||||
200 1 _aСтахановский опыт котельщиков
_fВ. Воробьев, бригадир котельщиков Шлиссельбургского судоремонтного завода
210 _aЛенинград
_cПолитотдел Сев.-зап. речного пароходства
_d1941
215 _a16 с., 1 л. фронт. портр.
_d13 см.
300 _aБез тит. л. Описано по обл.
700 1 _aВоробьев
_bВ.
801 0 _aRU
_bNLR
_gpsbo
801 1 _aRU
_bELAR
_2rusmarc
852 _aNLR
_jТ90 Г-0/4
942 _cBOOK
945 _aРоссийская национальная библиотека
980 _aNB
980 _aBV